Lecture notes. Elderly care medicine (Record no. 31961)

MARC details
000 -LEADER
fixed length control field 00480nam a2200193Ia 4500
020 ## - INTERNATIONAL STANDARD BOOK NUMBER
ISBN 9780470654545
050 ## - CALL MARK
Classification number RC 952 .N53/
100 ## - STATEMENT OF RESPONSIBILITY--MAIN AUTHOR NAME
Personal name Nicholl, Claire
245 #0 - TITLE STATEMENT
Title Lecture notes. Elderly care medicine
250 ## - EDITION / VOLUME STATEMENT
Edition / Volume statement 8th ed
260 ## - PUBLICATION, DISTRIBUTION, ETC. (IMPRINT)
Place of publication India
260 ## - PUBLICATION, DISTRIBUTION, ETC. (IMPRINT)
Name of publisher Willy & Sons Ltd
260 ## - PUBLICATION, DISTRIBUTION, ETC. (IMPRINT)
Year of publication 2012
300 ## - PHYSICAL DESCRIPTION
Number of Pages 249 p
650 ## - SUBJECT ADDED ENTRY--TOPICAL TERM
Topical Term Geriatrics--Outlines, syllabi, etc.
942 ## - ADDED ENTRY ELEMENTS (KOHA)
Koha item type Books
Holdings
Withdrawn status Lost status Source of classification or shelving scheme Damaged status Not for loan Permanent Location Current Location Shelving location Date acquired Accession Number Price effective from Koha item type
    Library of Congress Classification     College of Health Sciences Library College of Health Sciences Library Items on shelf 04/23/2025 0193772 04/23/2025 Books